Elizabeth II with Her Prime Ministers Quiz Stats

 Plays Quiz Updated Jul 25, 2019

Score 0/14 Timer 04:00
4 Plays Today
% Correct
Margaret Thatcher
95.8%
Winston Churchill
94.4%
Tony Blair
94.1%
Theresa May
93.8%
Boris Johnson
91.3%
David Cameron
89.3%
Gordon Brown
81.9%
% Correct
John Major
79.2%
Harold Wilson
58.4%
Edward Heath
57.9%
Anthony Eden
48%
Harold Macmillan
47.7%
James Callaghan
44.8%
Alec Douglas-Home
33.1%

You're not logged in!

Compare scores with friends on all Sporcle quizzes.
OR
Log In

Sporcle TV

Today on Sporcle TV


Watch our educational content, quiz creation guides, and fun videos on Sporcle TV.

Show Comments

Extras

Top Quizzes Today


Score Distribution

Your Account Isn't Verified!

In order to create a playlist on Sporcle, you need to verify the email address you used during registration. Go to your Sporcle Settings to finish the process.

Report this User

Report this user for behavior that violates our Community Guidelines.

Details: